000 00826nam a2200265Ia 4500
003 GCL
008 140319s9999 xx 000 0 ara d
040 _aGCL /
_cGCL
082 0 4 _a370.7
_bع ت
100 1 _aعبدالغنى عبود
245 1 0 _aالتربية المقارنة /
_cعبدالغنى عبود
700 1 _aاحمد اسماعيل حجى
700 1 _aبيومى محمد ضحاوى
260 _aالقاهرة :
_bدار النهضة العربية ،
_c1990
300 _a544 ص ؛
_c24 سم
490 _a
650 0 4 _aالمجتمع
650 0 4 _aالتربية
650 0 4 _aالمدارس الثانوية
650 0 4 _aالمدارس الابتدائية
650 0 4 _aبريطانيا
650 0 4 _aاليابان
650 0 4 _aالمدارس الصناعية
942 _2ddc
_cBK
999 _c47419
_d47419